000 00863nam a2200205 i 4500
001 107800
003 ES-MaACL
005 20230906184508.0
007 t|
008 061121s1977 sp r ||||1| spa d
110 2 _aArchivo Histórico Nacional (España).
_bSección de Inquisición.
_9157766
245 1 0 _aSección de Inquisición, catálogo de alegaciones fiscales /
_cpor María Natividad Moreno Garbayo.
260 _aMadrid :
_bDirección General del Patrimonio Artístico y Cultural,
_c1977.
300 _a429 p. ;
_c23 cm.
500 _aPrecede al Tit. : Archivo Histórico Nacional.
610 2 4 _aArchivo Histórico Nacional (España).
_bSección de Inquisición-
_vCatálogos.
_9157767
650 4 _aInquisición-
_zEspaña-
_xHistoria-
_vFuentes.
_9134507
700 0 _aMoreno Garbayo, María Natividad.
_983375
852 _aES-MaACL
_jA-7570
_bR.96798
999 _c107800
_d107800